Κατάλογος Βιβλιοθηκών Mediterranean College

Εισαγωγή Γενόσημων Φαρμάκων στην Ελληνική Αγορά./Ο Ρόλος της Φήμης της Φαρμακευτικής Εταιρίας (Corporate Repuation) που Εισάγει το Φάρμακο και η Συνταγογραφική Συμπεριφορά των Γιατρών. (Record no. 8612)

MARC details
000 -LEADER
fixed length control field 02409cam a22001934a 4500
005 - ΗΜΕΡΟΜΗΝΙΑ ΚΑΙ ΩΡΑ ΤΕΛΕΥΤΑΙΑΣ ΕΝΗΜΕΡΩΣΗΣ
Πεδίο ελέγχου 20250605164341.0
008 - FIXED-LENGTH DATA ELEMENTS--GENERAL INFORMATION
Πεδίο ελέγχου σταθερού μήκους 250528s ||||||||||||||||||||||||d
035 ## - SYSTEM CONTROL NUMBER
System control number 23612
040 ## - ΠΗΓΗ ΚΑΤΑΛΟΓΟΓΡΑΦΗΣΗΣ
Φορέας πρωτότυπης καταλογογράφησης MC Athens Campus Library
Γλώσσα καταλογογράφησης Ελληνικά, Μοντέρνα (1453-)
Modifying agency MC Athens Campus Library
Κανόνες περιγραφικής καταλογογράφησης AACR2
245 1# - ΤΙΤΛΟΣ ΚΑΙ ΔΗΛΩΣΗ ΥΠΕΥΘΥΝΟΤΗΤΑΣ
Τίτλος Εισαγωγή Γενόσημων Φαρμάκων στην Ελληνική Αγορά./Ο Ρόλος της Φήμης της Φαρμακευτικής Εταιρίας (Corporate Repuation) που Εισάγει το Φάρμακο και η Συνταγογραφική Συμπεριφορά των Γιατρών.
260 ## - PUBLICATION, DISTRIBUTION, ETC.
Date of publication, distribution, etc. 2016
300 ## - PHYSICAL DESCRIPTION
Extent 124
520 ## - SUMMARY, ETC.
Summary, etc. Εισαγωγή, Ορισμός και Ταξινομήσεις Φαρμάκων, Φαρμακευτικό Marketing, Γενικοί Παράγοντες Επιρροής Συνταγογράφησης των Γιατρών, Ειδικοί Παράγοντες Επιρροής Συνταγογράφησης των Γιατρών, η Επίδραση του Ιατρικού Επισκέπτη στη Συνταγογραφική Συμπεριφορά των Γιατρών, ο Ρόλος του Ασθενή στη Συνταγογραφική Συμπεριφορά των Γιατρών, ο Ρόλος του Branding στη Συνταγογραφική Συμπεριφορά των Γιατρών, Γιατροί και Γενόσημα Φάρμακα, η Επίδραση των Opinion Leaders στη Συνταγογραφική Συμπεριφορά των Γιατρών, Εταιρική Φήμη, Ορισμός και Σημασία της Εταιρικής Φήμης, ο Φαρμακευτικός Κλάδος στην Ελλάδα, Γενικές Πληροφορίες για τον Κλάδο, Ανάλυση Μικροπεριβάλλοντος PEST του Φαρμακευτικού Κλάδου, Ανάλυση SWOT Φαρμακευτικού Κλάδου, Ανάλυση 5 Δυνάμεων του Porter, Φιλοσοφία της Έρευνας, Μέθοδος Συλλογής Στοιχείων, Ηθικές Προεκτάσεις Έρευνα, Συμπεράσματα, Προτάσεις, Προσωπικός Αναστοχασμός, Βιβλιογραφία, Παράρτημα.
700 1# - ΠΡΟΣΘΕΤΗ ΑΝΑΓΡΑΦΗ--ΦΥΣΙΚΟ ΠΡΟΣΩΠΟ
Personal name Ζυγογιάννης Χρήστος
9 (RLIN) 9201
700 1# - ΠΡΟΣΘΕΤΗ ΑΝΑΓΡΑΦΗ--ΦΥΣΙΚΟ ΠΡΟΣΩΠΟ
Personal name Λουκοπούλου Αποστολία
9 (RLIN) 9195
942 ## - ADDED ENTRY ELEMENTS (KOHA)
Koha item type Διπλωματική εργασία
Holdings
Τύπος τεκμηρίου Βιβλιοθήκη Τρέχουσα τοποθεσία Barcode Ημερομηνία απόκτησης Ταξιθετικό σύμβολο Αριθμός αντιτύπου Κατάσταση απόσυρσης Κατάσταση χαμένου Κατάσταση κατεστραμμένου Μη δανεισμός Σύνολο δανεισμών Ημερομηνία τελευταίας εμφάνισης Η τιμή ισχύει από
Διπλωματική εργασία MC Athens Campus Library MC Athens Campus Library 9780000086112 05/06/2025 BUS 2016 (21) 1           05/06/2025 05/06/2025

MC Athens Campus Library
Πατησίων 94 & Κοδριγκτώνος 13, 104 34
Πελλήνης 8 & Πατησίων 107, 112 51
Τ: +30 210 8899600

MC Thessaloniki Campus Library
Ίωνος Δραγούμη 21, 54625 | Ίωνος Δραγούμη 15, 54625
Τ: +30 2310 287779 – Τ: +30 2314 440300